ბათუმის შოთა რუსთაველის სახელმწიფო უნივერსიტეტის ბიბლიოთეკა

ადამიანის ანატომია : (ბიბ.ჩანაწერი № 62864)

000 -ლიდერი
ფიქსირებული სიგრძის საკონტროლო ველი 01521nam a22002417a 4500
003 - საკონტროლო ნომრის იდენტიფიკატორი
საკონტროლო ველი Ge_BSU
005 - ბოლო ოპერაციის თარიღი და დრო
საკონტროლო ველი 20250311170814.0
008 - ფიქსირებული სიგრძის მონაცემთა ელემენტები - ზოგადი ინფორმაცია
ფიქსირებული სიგრძის საკონტროლო ველი 250311s1992 ge |||||s|||| 00| 0 geo d
041 ## - ენის კოდი
Language code of text/sound track or separate title geo
080 ## - უნივერსალური ათობითი კლასიფიკაციის ინდექსი
Universal Decimal Classification number 611 კ-36
100 ## - მთავარი ჩანაწერი - პიროვნების სახელი
Personal name კაციტაძე, ზურაბ
9 (RLIN) 24520
245 ## - ცნობა სათაურის შესახებ
Title ადამიანის ანატომია :
Remainder of title საჭმლის მონელების სისტემა. სასუნთქი სისტემა. სასქესო სისტემა. გამოყოფის სისტემა. ენდოკრინული სისტემა. იმუნური უზრუნველყოფის სისტემა /
Statement of responsibility, etc ზურაბ კაციტაძე.
264 ## - წარმოების, გამოცემის, დისტრიბუციის და სხვა ცნობები
გამოცემის, წარმოების, დისტრიბუციის... ადგილი თბ. :
გამოცემის, წარმოების, დისტრიბუციის... სახელწოდება მედიცინა,
გამოცემის, წარმოების, დისტრიბუციის... თარიღი [1992].
300 ## - ფიზიკური აღწერა
Extent 208 გვ. ;
Other physical details 22 სმ.
653 ## - INDEX TERM--UNCONTROLLED
Uncontrolled term ადამიანის ანატომია
653 ## - INDEX TERM--UNCONTROLLED
Uncontrolled term მედიცინა
653 ## - INDEX TERM--UNCONTROLLED
Uncontrolled term საჭმლის მონელების სისტემის ანატომია
653 ## - INDEX TERM--UNCONTROLLED
Uncontrolled term სასუნთქი სისტემის ანატომია
653 ## - INDEX TERM--UNCONTROLLED
Uncontrolled term სასქესო სისტემის ანატომია
653 ## - INDEX TERM--UNCONTROLLED
Uncontrolled term ენდოკრინული სისტემის ანატომია.
653 ## - INDEX TERM--UNCONTROLLED
Uncontrolled term იმუნური უზრუნველყოფის სისტემის ანატომია
942 ## - ADDED ENTRY ELEMENTS (KOHA)
Source of classification or shelving scheme
Koha item type წიგნი
ეგზემპლარები
ჩამოწერის სტატუსი დაკარგული ეგზემპლარის სტატუსი კლასიფიკაციის წყარო ან თაროზე გაწყობის სქემა დაზიანების სტატუსი არ გაიცემა მუდმივი მდებარეობა (დაცვის ადგილი) ამჟამინდელი ადგილსამყოფელი თაროზე განთავსების ადგილი შეძენის თარიღი ღირებულება, შესყიდვის ნორმალური ფასი სრული შენახვის შიფრი შტრიხკოდი ბოლო ოპერაციის თარიღი ეგზემპლარის მიმდევრობითი ნომერი (კეტერი?) ფასის ძალაში შესვლის თარიღი ეგზემპლარის სახეობა საჯარო შენიშვნა
          ბათუმის შოთა რუსთაველის სახელმწიფო უნივერსიტეტის მთავარი ბიბლიოთეკა ბათუმის შოთა რუსთაველის სახელმწიფო უნივერსიტეტის მთავარი ბიბლიოთეკა წიგნსაცავი 2025-03-11 6.00 611 კ-36 70825 2025-03-11 70825 2025-03-11 წიგნი 6 ლ.